MARC details
| 000 -LEADER |
| fixed length control field |
01135nam a22002897a 4500 |
| 003 - CONTROL NUMBER IDENTIFIER |
| control field |
CSPC |
| 005 - DATE AND TIME OF LATEST TRANSACTION |
| control field |
20260324153346.0 |
| 008 - FIXED-LENGTH DATA ELEMENTS--GENERAL INFORMATION |
| fixed length control field |
260324c2019 ph ar h i 00 0 eng d |
| 022 ## - INTERNATIONAL STANDARD SERIAL NUMBER |
| International Standard Serial Number |
2546-1761 |
| 040 ## - CATALOGING SOURCE |
| Original cataloging agency |
CSPC |
| Transcribing agency |
CSPC |
| Language of cataloging |
eng |
| Description conventions |
rda |
| 245 00 - TITLE STATEMENT |
| Title |
Harnessing the fourth industrial revolution : |
| Remainder of title |
creating our future today. |
| 264 #1 - PRODUCTION, PUBLICATION, DISTRIBUTION, MANUFACTURE, AND COPYRIGHT NOTICE |
| Place of production, publication, distribution, manufacture |
Quezon City : |
| Name of producer, publisher, distributor, manufacturer |
Philippine Institute for Development Studies, |
| Date of production, publication, distribution, manufacture, or copyright notice |
2019. |
| 300 ## - PHYSICAL DESCRIPTION |
| Extent |
volumes : |
| Other physical details |
illustrations ; |
| Dimensions |
28 cm. |
| 336 ## - CONTENT TYPE |
| Source |
rdacontent |
| Content type term |
text |
| 337 ## - MEDIA TYPE |
| Source |
rdamedia |
| Media type term |
unmediated |
| 338 ## - CARRIER TYPE |
| Source |
rdacarrier |
| Carrier type term |
volume |
| 362 ## - DATES OF PUBLICATION AND/OR SEQUENTIAL DESIGNATION |
| Dates of publication and/or sequential designation |
2019 |
| 490 #1 - SERIES STATEMENT |
| Series statement |
Proceedings of the fourth annual public policy conference 2018 |
| 504 ## - BIBLIOGRAPHY, ETC. NOTE |
| Bibliography, etc. note |
Includes bibliographical references |
| 650 #4 - SUBJECT ADDED ENTRY--TOPICAL TERM |
| Topical term or geographic name entry element |
Information technology |
| General subdivision |
Periodicals. |
| 650 #4 - SUBJECT ADDED ENTRY--TOPICAL TERM |
| Topical term or geographic name entry element |
Digital transformation |
| General subdivision |
Periodicals. |
| 650 #4 - SUBJECT ADDED ENTRY--TOPICAL TERM |
| Topical term or geographic name entry element |
Industrial revolution, 21st century |
| General subdivision |
Periodicals. |
| 650 #4 - SUBJECT ADDED ENTRY--TOPICAL TERM |
| Topical term or geographic name entry element |
Automation |
| General subdivision |
Periodicals. |
| Source of heading or term |
Economic aspects |
| 700 1# - ADDED ENTRY--PERSONAL NAME |
| Personal name |
Siar, Sheila V., |
| Relator term |
editor. |
| 942 ## - ADDED ENTRY ELEMENTS (KOHA) |
| Source of classification or shelving scheme |
Dewey Decimal Classification |
| Koha item type |
Serials |
| Item part |
H229 |
| Call number prefix |
SER |
| Call number suffix |
2019 |
| Suppress in OPAC |
No |